| 000 | 00649cam a2200193 4500 | ||
|---|---|---|---|
| 020 | _a0340027037 | ||
| 082 | 0 | 0 |
_a956 _bPAS _cL-28, P-92 |
| 100 | 1 |
_aGlubb, John Bagot, _946650 |
|
| 245 | 1 | 4 |
_aThe Middle East crisis: _ba personal interpretation, _cby Glubb Pasha. |
| 250 | _a[1st ed.] reprinted (with revision). | ||
| 260 |
_aLondon, _bHodder & Stoughton, _c1967. |
||
| 300 |
_a48 p. _bmaps. _c16 cm. |
||
| 526 |
_a0 _b0 _c0 _d956_000000000000000_PAS |
||
| 526 |
_a0 _b0 _c0 _d956_000000000000000_PAS |
||
| 526 |
_a0 _b0 _c0 _d956_000000000000000_PAS |
||
| 526 |
_a0 _b0 _c0 _d956_000000000000000_PAS |
||
| 650 | 0 | _aArab-Israeli conflict. | |
| 942 |
_2ddc _cBK |
||
| 999 |
_c549924 _d549924 |
||